La prevencin̤ del blanqueo de capitales en el m̀bito notarial

Detalles Bibliográficos
Autor principal: Espinosa Infante, Jos ̌Miguel
Formato: Libro
Lenguaje:español
Publicado: Madrid : Dykinson, 2012
Materias:
Acceso en línea:Acceso restringido

MARC

LEADER 00000nam a22000007a 4500
005 20131126172541.0
007 cr|||| ||||
008 131126s2012 sp ||||| |||| 00||0 spa d
020 |a 978-84-9031-445-6 
035 |a 11617 
040 |a vLex 
090 |c 4569  |d 4569 
100 1 |a Espinosa Infante, Jos ̌Miguel 
245 1 3 |a La prevencin̤ del blanqueo de capitales en el m̀bito notarial  |h [Recurso electrn̤ico] /  |c Jos ̌Miguel Espinosa Infante 
256 |a Servicio en ln̕ea 
260 |a Madrid :  |b Dykinson,  |c 2012 
300 |a 1 recurso electrn̤ico 
506 1 |a Contenido solo disponible en los productos indicados  |d vLex Global  |d vLex Global (Academic Edition, excluding Law Schools)  |d vLex Global (U.S. Academic Edition, Law Schools)  |d vLex Global (U.S. Academic Edition, excluding Law Schools)  |d vLex Global (Academic Edition, Law Schools) 
650 0 4 |a Blanqueo de capitales 
740 0 |a vLex Libros (Servicio en ln̕ea) 
856 4 0 |u http://vlex.com/source/prevencion-del-blanqueo-de-capitales-en-el-ambito-notarial-11617  |z Acceso restringido 
942 |c BOOK 
999 0 |a Money laundering